BTD6 Upgrade Quiz - Statistics

General Stats
  • This quiz has been taken 52 times
    5 since last reset
  • The average score is 93 of 388
Answer Stats
Picture Hint Answer % Correct
Dart Monkey xx5 Crossbow Master
80%
Dart Monkey x5x Plasma Monkey Fan Club
80%
Dart Monkey 1xx Sharp Shots
80%
Dart Monkey x4x Super Monkey Fan Club
80%
Dart Monkey 5xx Ultra-Juggernaut
80%
Bomb Shooter 1xx Bigger Bombs
60%
Dartling Gunner xx3 Buckshot
60%
Dart Monkey xx3 Crossbow
60%
Ninja Monkey x1x Distraction
60%
Boomerang Monkey 5xx Glaive Lord
60%
Boomerang Monkey 3xx Glaive Ricochet
60%
Boomerang Monkey 2xx Glaives
60%
Bomb Shooter 2xx Heavy Bombs
60%
Boomerang Monkey 1xx Improved Rangs
60%
Dart Monkey 4xx Juggernaut
60%
Super Monkey xx1 Knockback
60%
Super Monkey xx5 Legend of the Night
60%
Dartling Gunner x5x M.A.D
60%
Boomerang Monkey xx4 MOAB Press
60%
Boomerang Monkey 4xx M.O.A.R Glaives
60%
Tack Shooter xx1 More Tacks
60%
Boomerang Monkey x5x Perma Charge
60%
Dart Monkey x1x Quick Shots
60%
Dartling Gunner 5xx Ray of Doom
60%
Boomerang Monkey xx2 Red Hot Rangs
60%
Dart Monkey xx4 Sharp Shooter
60%
Tack Shooter xx5 The Tack Zone
60%
Dart Monkey x3x Triple Shot
60%
Ice Monkey x5x Absolute Zero
40%
Alchemist xx2 Acid Pool
40%
Monkey Buccaneer 4xx Aircraft Carrier
40%
Heli Pilot 4xx Apache Dartship
40%
Heli Pilot 5xx Apache Prime
40%
Wizard Monkey 2xx Arcane Blast
40%
Wizard Monkey 5xx Archmage
40%
Monkey Sub x3x Ballistic Missile
40%
Banana Farm 5xx Banana Central
40%
Banana Farm 3xx Banana Plantation
40%
Alchemist 3xx Berserker Brew
40%
Mortar Monkey 1xx Bigger Blast
40%
Boomerang Monkey x3x Bionic Boomerang
40%
Bomb Shooter 5xx Bloon Crush
40%
Dartling Gunner xx5 Bloon Exclusion Zone
40%
Glue Gunner 4xx Bloon Liquefier
40%
Ninja Monkey x4x Bloon Sabotage
40%
Bomb Shooter xx5 Bomb Blitz
40%
Sniper Monkey x3x Bouncing Bullet
40%
Monkey Village x4x Call to Arms
40%
Ninja Monkey xx2 Caltrops
40%
Monkey Buccaneer 5xx Carrier Flagship
40%
Bomb Shooter xx3 Cluster Bombs
40%
Ice Monkey 2xx Cold Snap
40%
Glue Gunner 2xx Corrosive Glue
40%
Ninja Monkey x2x Counter-Espionage
40%
Ice Monkey xx3 Cryo Cannon
40%
Super Monkey xx4 Dark Champion
40%
Monkey Buccaneer 3xx Destroyer
40%
Monkey Buccaneer 2xx Double Shot
40%
Sniper Monkey xx5 Elite Defender
40%
Sniper Monkey x5x Elite Sniper
40%
Ice Monkey 4xx Embrittlement
40%
Monkey Sub 5xx Energizer
40%
Dart Monkey xx2 Enhanced Eyesight
40%
Sniper Monkey xx2 Even Faster Firing
40%
Tack Shooter xx2 Even More Tacks
40%
Dartling Gunner x2x Faster Barrel Spin
40%
Spike Factory x1x Faster Production
40%
Boomerang Monkey x2x Faster Rangs
40%
Boomerang Monkey x1x Faster Throwing
40%
Alchemist xx1 Faster Throwing
40%
Monkey Buccaneer xx4 Favored Trades
40%
Wizard Monkey x1x Fireball
40%
Ninja Monkey xx3 Flash Bomb
40%
Monkey Ace xx5 Flying Fortress
40%
Dartling Gunner 1xx Focused Firing
40%
Bomb Shooter xx2 Frag Bombs
40%
Beast Handler x5x Giganotosaurus
40%
Glue Gunner x3x Glue Hose
40%
Glue Gunner x2x Glue Splatter
40%
Glue Gunner x5x Glue Storm
40%
Monkey Buccaneer x1x Grape Shot
40%
Beast Handler 3xx Great White
40%
Mortar Monkey x3x Heavy Shells
40%
Monkey Village x5x Homeland Defense
40%
Monkey Buccaneer x2x Hot Shot
40%
Ice Monkey xx5 Icicle Impale
40%
Ice Monkey xx4 Icicles
40%
Banana Farm x4x IMF Loan
40%
Banana Farm 1xx Increased Production
40%
Tack Shooter 5xx Inferno Ring
40%
Boomerang Monkey xx3 Kylie Boomerang
40%
Alchemist 1xx Larger Potions
40%
Ice Monkey xx1 Larger Radius
40%
Dartling Gunner 3xx Laser Cannon
40%
Dartling Gunner 2xx Laser Shock
40%
Alchemist xx3 Lead to Gold
40%
Monkey Sub 1xx Longer Range
40%
Dart Monkey xx1 Long Range Darts
40%
Boomerang Monkey xx1 Long Range Rangs
40%
Banana Farm xx3 Marketplace
40%
Beast Handler 5xx Megalodon
40%
Bomb Shooter x4x MOAB Assassin
40%
Boomerang Monkey xx5 MOAB Domination
40%
Glue Gunner xx3 MOAB Glue
40%
Bomb Shooter x3x MOAB Mauler
40%
Banana Farm x3x Monkey Bank
40%
Monkey Ace xx3 Neva-MissTargeting
40%
Beast Handler 4xx Orca
40%
Tack Shooter xx4 Overdrive
40%
Ice Monkey 1xx Permafrost
40%
Spike Factory xx5 Perma-Spike
40%
Beast Handler 1xx Piranha
40%
Monkey Buccaneer x5x Pirate Lord
40%
Druid xx4 Poplust
40%
Dartling Gunner xx2 Powerful Darts
40%
Monkey Sub x5x Pre-Emptive Strike
40%
Heli Pilot 2xx Pursuit
40%
Heli Pilot 1xx Quad Darts
40%
Dart Monkey 2xx Razor Sharp Shots
40%
Bomb Shooter xx4 Recursive Cluster
40%
Ice Monkey xx2 Re-Freeze
40%
Glue Gunner xx4 Relentless Glue
40%
Tack Shooter 4xx Ring of Fire
40%
Alchemist xx4 Rubber to Gold
40%
Ninja Monkey xx1 Seeking Shuriken
40%
Wizard Monkey xx3 Shimmer
40%
Ninja Monkey x3x Shinobi Tactics
40%
Monkey Ace 5xx Sky Shredder
40%
Spike Factory xx2 Smart Spikes
40%
Ice Monkey x4x Snowstorm
40%
Monkey Ace xx4 Spectre
40%
Desperado 2xx Standoff
40%
Monkey Sub xx5 Sub Commander
40%
Super Monkey 4xx Sun Temple
40%
Tack Shooter xx3 Tack Sprayer
40%
Mortar Monkey 5xx The Biggest One
40%
Mortar Monkey 4xx The Big One
40%
Monkey Buccaneer xx5 Trade Empire
40%
Monkey Sub xx3 Triple Guns
40%
Super Monkey 5xx True Sun God
40%
Monkey Ace x5x Tsar Bomba
40%
Boomerang Monkey x4x Turbo Charge
40%
Monkey Sub xx1 Twin Guns
40%
Beast Handler x4x Tyrannosaurus Rex
40%
Wizard Monkey x2x Wall of Fire
40%
Monkey Sub 2xx Advanced Intel
20%
Monkey Sub xx2 Airburst Darts
20%
Dart Monkey Paragon Apex Plasma Master
20%
Wizard Monkey 3xx Arcane Mastery
20%
Wizard Monkey 4xx Arcane Spike
20%
Ice Monkey x3x Arctic Wind
20%
Monkey Sub xx4 Armor Piercing Darts
20%
Mortar Monkey x4x Artillery Battery
20%
Desperado xx4 Avenger
20%
Banana Farm 4xx Banana Research Facility
20%
Banana Farm xx2 Banana Salvage
20%
Beast Handler 2xx Barracuda
20%
Heli Pilot x1x Bigger Jets
20%
Desperado 3xx Big Iron
20%
Tack Shooter x4x Blade Maelstrom
20%
Tack Shooter x3x Blade Shooter
20%
Mortar Monkey 2xx Bloon Buster
20%
Mortar Monkey xx5 Blooncineration
20%
Glue Gunner 3xx Bloon Dissolver
20%
Alchemist xx5 Bloon Master Alchemist
20%
Monkey Sub 4xx Bloontonium Reactor
20%
Engineer Monkey xx4 Bloon Trap
20%
Monkey Ace x3x Bomber Ace
20%
Desperado x4x Bounty Hunter
20%
Desperado x2x Bullseye
20%
Mortar Monkey xx2 Burny Stuff
20%
Monkey Buccaneer x3x Cannon Ship
20%
Spike Factory x5x Carpet of Spikes
20%
Monkey Ace xx2 Centered Path
20%
Heli Pilot xx5 Comanche Commander
20%
Sniper Monkey 5xx Cripple MOAB
20%
Monkey Buccaneer xx2 Crow's Nest
20%
Super Monkey xx3 Dark Knight
20%
Desperado x3x Deadeye
20%
Spike Factory xx4 Deadly Spikes
20%
Ice Monkey x2x Deep Freeze
20%
Ninja Monkey 3xx Double Shot
20%
Heli Pilot x3x Downdraft
20%
Wizard Monkey x3x Dragon's Breath
20%
Druid 3xx Druid of the Storm
20%
Druid xx3 Druid of Wrath
20%
Spike Factory x2x Even Faster Production
20%
Tack Shooter 2xx Even Faster Shooting
20%
Monkey Ace x1x Exploding Pineapple
20%
Heli Pilot xx1 Faster Darts
20%
Bomb Shooter x1x Faster Reload
20%
Mortar Monkey x1x Faster Reload
20%
Tack Shooter 1xx Faster Shooting
20%
Monkey Buccaneer 1xx Faster Shooting
20%
Dartling Gunner xx1 Faster Swivel
20%
Sniper Monkey xx1 Fast Firing
20%
Monkey Ace 3xx Fighter Plane
20%
Sniper Monkey xx4 Full Auto Rifle
20%
Glue Gunner 1xx Glue Soak
20%
Beast Handler xx3 Golden Eagle
20%
Desperado x5x Golden Justice
20%
Ninja Monkey 5xx Grandmaster Ninja
20%
Ninja Monkey x5x Grand Saboteur
20%
Banana Farm 2xx Greater Production
20%
Monkey Ace x4x Ground Zero
20%
Wizard Monkey 1xx Guided Magic
20%
Beast Handler xx1 Gyrfalcon
20%
Druid 1xx Hard Thorns
20%
Druid x2x Heart of Oak
20%
Monkey Sub x2x Heat-tipped Darts
20%
Tack Shooter 3xx Hot Shots
20%
Dartling Gunner x3x Hydra Rocket Pods
20%
Ice Monkey 3xx Ice Shards
20%
Heli Pilot x2x IFR
20%
Wizard Monkey xx1 Intense Magic
20%
Monkey Village 2xx Jungle Drums
20%
Super Monkey 1xx Laser Blasts
20%
Banana Farm x1x Long Life Bananas
20%
Spike Factory xx3 Long Life Spikes
20%
Monkey Buccaneer xx1 Long Range
20%
Tack Shooter x1x Long Range Tacks
20%
Monkey Ace 2xx Lots More Darts
20%
Sniper Monkey 4xx Maim MOAB
20%
Ninja Monkey xx5 Master Bomber
20%
Monkey Buccaneer xx3 Merchantman
20%
Beast Handler x1x Microraptor
20%
Bomb Shooter x2x Missile Launcher
20%
Heli Pilot xx3 MOAB Shove
20%
Monkey Village x3x Monkey Intelligence Bureau
20%
Banana Farm x5x Monkey-Nomics
20%
Monkey Buccaneer x4x Monkey Pirates
20%
Wizard Monkey xx2 Monkey Sense
20%
Banana Farm xx5 Monkey Wall Street
20%
Sniper Monkey x1x Night Vision Goggles
20%
Desperado xx2 Nomad
20%
Monkey Ace 4xx Operation: Dart Storm
20%
Engineer Monkey x4x Overclock
20%
Alchemist x2x Perishing Potions
20%
Alchemist 5xx Permanent Brew
20%
Engineer Monkey xx2 Pin
20%
Dartling Gunner 4xx Plasma Accelerator
20%
Super Monkey 2xx Plasma Blasts
20%
Mortar Monkey x5x Pop and Awe
20%
Monkey Village 5xx Primary Expertise
20%
Monkey Village 4xx Primary Mentoring
20%
Monkey Village 3xx Primary Training
20%
Wizard Monkey xx5 Prince of Darkness
20%
Desperado 1xx Quickdraw
20%
Mortar Monkey x2x Rapid Reload
20%
Bomb Shooter 3xx Really Big Bombs
20%
Super Monkey x3x Robo Monkey
20%
Dartling Gunner x4x Rocket Storm
20%
Engineer Monkey 5xx Sentry Champion
20%
Engineer Monkey 4xx Sentry Expert
20%
Engineer Monkey 1xx Sentry Gun
20%
Monkey Ace xx1 Sharper Darts
20%
Mortar Monkey xx4 Shattering Shells
20%
Mortar Monkey 3xx Shell Shock
20%
Sniper Monkey x2x Shrapnel Shot
20%
Mortar Monkey xx3 Signal Flare
20%
Heli Pilot x5x Special Poperations
20%
Spike Factory 3xx Spiked Balls
20%
Dart Monkey 3xx Spike-o-Pult
20%
Spike Factory x4x Spike Storm
20%
Glue Gunner xx1 Stickier Glue
20%
Ninja Monkey xx4 Sticky Bomb
20%
Alchemist x1x Stronger Acid
20%
Glue Gunner xx2 Stronger Glue
20%
Monkey Sub 3xx Submerge and Support
20%
Wizard Monkey x4x Summon Phoenix
20%
Super Monkey 3xx Sun Avatar
20%
Ice Monkey 5xx Super Brittle
20%
Glue Gunner xx5 Super Glue
20%
Tack Shooter x5x Super Maelstrom
20%
Sniper Monkey x4x Supply Drop
20%
Heli Pilot x4x Support Chinook
20%
Super Monkey x4x Tech Terror
20%
Super Monkey x5x The Anti-Bloon
20%
Desperado 5xx The Blazing Sun
20%
Alchemist x5x Total Transformation
20%
Desperado 4xx Twin Sixes
20%
Super Monkey xx2 Ultravision
20%
Beast Handler x3x Velociraptor
20%
Dart Monkey x2x Very Quick Shots
20%
Desperado xx1 Wanderer
20%
Wizard Monkey x5x Wizard Lord Phoenix
20%
Engineer Monkey xx5 XXXL Trap
20%
Mermonkey 4xx Abyssal Warrior
0%
Mermonkey 3xx Abyss Dweller
0%
Alchemist 2xx Acidic Mixture Dip
0%
Beast Handler x2x Adasaurus
0%
Dartling Gunner x1x Advanced Targeting
0%
Mermonkey xx3 Alluring Melody
0%
Mermonkey x4x Arctic Knight
0%
Ninja Monkey Paragon Ascended Shadow
0%
Druid xx5 Avatar of Wrath
0%
Bomb Shooter Paragon Ballistic Obliteration Missile Bunker
0%
Druid 4xx Ball Lightning
0%
Monkey Sub x1x Barbed Darts
0%
Glue Gunner x1x Bigger Globs
0%
Monkey Village 1xx Bigger Radius
0%
Spike Factory 1xx Bigger Stacks
0%
Dartling Gunner xx4 Bloon Area Denial System
0%
Bomb Shooter 4xx Bloon Impact
0%
Ninja Monkey 4xx Bloonjitsu
0%
Banana Farm xx4 Central Market
0%
Engineer Monkey x3x Cleansing Foam
0%
Heli Pilot xx4 Comanche Defense
0%
Tack Shooter Paragon Crucible of Steel and Flame
0%
Sniper Monkey 3xx Deadly Precision
0%
Engineer Monkey x2x Deconstruction
0%
Engineer Monkey xx3 Double Gun
0%
Druid xx1 Druidic Reach
0%
Druid x3x Druid of the Jungle
0%
Desperado x1x Eagle Eye
0%
Mermonkey xx2 Echosense Network
0%
Mermonkey xx1 Echosense Precision
0%
Desperado xx3 Enforcer
0%
Ice Monkey x1x Enhanced Freeze
0%
Super Monkey x2x Epic Range
0%
Bomb Shooter xx1 Extra Range
0%
Banana Farm xx1 EZ Collect
0%
Engineer Monkey 2xx Faster Engineering
0%
Heli Pilot xx2 Faster Firing
0%
Monkey Sub x4x First Strike Capability
0%
Sniper Monkey 1xx Full Metal Jacket
0%
Beast Handler xx4 Giant Condor
0%
Boomerang Monkey Paragon Glaive Dominus
0%
Glue Gunner x4x Glue Strike
0%
Monkey Ace Paragon Goliath Doomship
0%
Monkey Village x1x Grow Blocker
0%
Druid 2xx Heart of Thunder
0%
Druid xx2 Heart of Vengeance
0%
Ice Monkey Paragon Herald of Everfrost
0%
Beast Handler xx2 Horned Owl
0%
Mortar Monkey xx1 Increased Accuracy
0%
Druid x4x Jungle's Bounty
0%
Sniper Monkey 2xx Large Calibre
0%
Engineer Monkey x1x Larger Service Area
0%
Spike Factory xx1 Long Reach
0%
Mermonkey 5xx Lord of the Abyss
0%
Wizard Monkey Paragon Magus Perfectus
0%
Monkey Engineer Paragon Master Builder
0%
Spike Factory Paragon Mega Massive Munitions Factory
0%
Bomb Shooter x5x MOAB Eliminator
0%
Spike Factory x3x MOAB SHREDR
0%
Druid 5xx Monarch of Storms
0%
Monkey Village xx1 Monkey Business
0%
Monkey Village xx4 Monkey City
0%
Monkey Village xx2 Monkey Commerce
0%
Monkey Village xx5 Monkeyopolis
0%
Monkey Village xx3 Monkey Town
0%
Monkey Sub Paragon Nautic Siege Core
0%
Monkey Buccaneer Paragon Navarch of the Seas
0%
Wizard Monkey xx4 Necromancer: Unpopped Army
0%
Ninja Monkey 1xx Ninja Discipline
0%
Engineer Monkey xx1 Oversize Nails
0%
Mermonkey x5x Popseidon
0%
Beast Handler xx5 Pouakai
0%
Monkey Village x2x Radar Scanner
0%
Monkey Ace 1xx Rapid Fire
0%
Heli Pilot 3xx Razor Rotors
0%
Mermonkey x3x Riptide Champion
0%
Druid Paragon Root of All Nature
0%
Sniper Monkey xx3 Semi-Automatic
0%
Mermonkey x1x Sharper Prongs
0%
Ninja Monkey 2xx Sharp Shurikens
0%
Spike Factory 4xx Spiked Mines
0%
Druid x5x Spirit of the Forest
0%
Engineer Monkey 3xx Sprockets
0%
Monkey Ace x2x Spy Plane
0%
Alchemist 4xx Stronger Stimulant
0%
Spike Factory 5xx Super Mines
0%
Super Monkey x1x Super Range
0%
Tack Shooter x2x Super Range Tacks
0%
Mermonkey xx4 Symphonic Resonance
0%
Glue Gunner 5xx The Bloon Solver
0%
Desperado xx5 The Desert Phantom
0%
Mermonkey xx5 The Final Harmonic
0%
Druid x1x Thorn Swarm
0%
Mermonkey x2x Tidal Chill
0%
Alchemist x4x Transforming Tonic
0%
Mermonkey 1xx Trident Efficiency
0%
Mermonkey 2xx Trident Swiftness
0%
Engineer Monkey x5x Ultraboost
0%
Alchemist x3x Unstable Concoction
0%
Banana Farm x2x Valuable Bananas
0%
Spike Factory 2xx White Hot Spikes
0%
No matching quizzes found
Score Distribution
Percent of People with Each Score
Percentile by Number Answered
Your Score History
You have not taken this quiz since the last reset